000 00489nam a2200145Ia 4500
008 190228s9999 xx 000 0 und d
020 _a9781119366126
100 _aWeiss, Alan.
245 _cAlan Weiss, Marshall Goldsmith.--
_aLifestorming :
_bcreating meaning and achievement in your career and life /
260 _aNew Jersey :
_bJohn Willey & Sons
_c2017
300 _axi, 196 pages.
500 _aIncludes indexes.
650 _aDecision making.
650 _aMotivation (Psychology).
999 _c361328
_d361328